00510nam a22001697a 4500008004100000020001800041040005500059080002300114245006800137260005600205300001000261500001500271650001200286653001200298942001300310999001700323230525b |||||||| |||| 00| 0 eng d a81-900658-0-7 aNational Science LibrarycNational Science Library aR 615.1(540)bN6.1 aIndian pharmacopoeia 1996c/Ministry of Health & Family Welfare aNew Delhi: bThe Controller of Publications, c1996 a552p. 3Vol.1(A-0) aPharma  aScience 2udccREF c44158d44158